000 00591nam a2200217Ia 4500
001 1961
003 GE_BSU
008 181216s||||||||xx |||||||||||||| ||und||
040 _cGE_BSU
080 _a347.921(075.8)+343.139(075.8)
100 _aВласов,А.А.
245 _aАдвокат в судопроизводстве
245 _bКраткий учебный курс
260 _aМосква
260 _bНорма
260 _c2005
300 _a304стр. 19см.
541 _h8л.
653 _aАдвокат в судопроизводстве
942 _cBK
999 _c36061
_d36061